| 000 | 00761cam a2200265 4500 | ||
|---|---|---|---|
| 001 | ABS61909 | ||
| 008 | 000000n2000 000 0 eng u | ||
| 035 | _a(Sirsi) u104396 | ||
| 245 | _aRegional Survey: Lancashire and Cumbria | ||
| 260 | _c2000 | ||
| 490 |
_aProperty Week _v65(6) 11 February 2000 63-77(7) |
||
| 590 | _aABS | ||
| 650 | _aCUMBRIA | ||
| 650 | _aPRESTON | ||
| 650 | _aEAST LANCASHIRE | ||
| 650 | _aNORTH WEST DEVELOPMENT AGENCY | ||
| 650 | _aCARLISLE | ||
| 650 | _aBLACKPOOL | ||
| 650 | _aBUSINESS SPACE | ||
| 650 | _aAIRPORTS | ||
| 650 | _aTRANSPORT ISSUES | ||
| 650 | _aPROPERTY-COMMERCIAL PROPERTY-OFFICE PROPERTY-OFFICE PROPERTY MARKET | ||
| 690 | _aPROPERTY-COMMERCIAL PROPERTY-COMMERCIAL PROPERTY MARKET | ||
| 942 | _n0 | ||
| 999 |
_c62633 _d62633 |
||